| 000 | 01144cam a22003375i 4500 | ||
|---|---|---|---|
| 001 | 122575 | ||
| 005 | 20230411085948.0 | ||
| 008 | 150506s2014 mx 000 0 spa | ||
| 035 | _a19160965 | ||
| 925 | 0 |
_aacquire _b1 shelf copy _xpolicy default |
|
| 942 |
_2lcc _cbk |
||
| 020 | _a9786077690221 (UDLAP) | ||
| 020 | _a9788441434165 (Edaf) | ||
| 035 | _a(MxMxBFM)bfm970173565 | ||
| 040 |
_aDLC _beng _cDLC _erda |
||
| 042 | _apcc | ||
| 043 |
_as-pe--- _as------ |
||
| 097 | 0 | 0 |
_aPQ 7819 _bM578s 2014 |
| 100 | 1 |
_aMesa Gisbert, Carlos Diego, _d1953- |
|
| 245 | 1 | 0 |
_aSoliloquio del conquistador / _cCarlos D. Mesa Gisbert. |
| 250 | _aPrimera edición. | ||
| 260 |
_aSan Andrés Cholula, Puebla : _bUniversidad de las Américas Puebla ; _aPuebla, México : _bEDAF Editorial, _c2014. |
||
| 300 |
_a212 p. ; _c20 cm |
||
| 600 | 1 | 0 |
_aCortés, Hernán, _vFiction. |
| 600 | 0 | 0 |
_aMarina, _dapproximately 1505-approximately 1530 _vFiction. |
| 651 | 0 |
_aPeru _xHistory _yConquest, 1522-1548 _vFiction. |
|
| 651 | 0 |
_aSouth America _xHistory _y16th century _vFiction. |
|
| 923 |
_d20160606 _n3253 _sMxMxBFM |
||
| 985 | _eVENDOR LOAD | ||
| 946 | _aJaaM | ||
| 999 |
_c110067 _d110067 |
||